[Event "CRO-chT2c"]
[Site "Croatia"]
[Date "2009.04.05"]
[Round "3"]
[White "Ledinscak, Mario"]
[Black "Vernacki, Dusko"]
[Result "0-1"]
[WhiteElo "1971"]
[BlackElo "2143"]
[PlyCount "102"]
[EventDate "2009.04.04"]
[EventType "team-tourn"]
[EventRounds "11"]
[EventCountry "CRO"]
[SourceTitle "EXT 2010"]
[Source "ChessBase"]
[SourceDate "2010.11.25"]
[SourceVersion "1"]
[SourceVersionDate "2010.11.25"]
[SourceQuality "1"]

1. d4 Nf6 2. c4 e6 3. Nf3 Bb4+ 4. Bd2 Qe7 5. Nc3 b6 6. a3 Bxc3 7. Bxc3 Bb7 8. Qc2 0-0 9. e3 Ne4 10. Bd3 f5 11. Rc1 d6 12. b4 Nd7 13. Ba1 a5 14. d5 exd5 15. 0-0 c5 16. Rfd1 axb4 17. axb4 Kh8 18. Qb2 dxc4 19. Bxc4 Bc6 20. Bd5 Bxd5 21. Rxd5 Ra4 22. bxc5 bxc5 23. Qb7 Ra2 24. Rf1 Rfa8 25. Be5 R2a7 26. Qc6 Nxe5 27. Nxe5 dxe5 28. Rfd1 Ra1 29. f3 Nf6 30. R5d2 Rxd1+ 31. Rxd1 Rd8 32. Rxd8+ Qxd8 33. Qxc5 Qe8 34. Kf2 h6 35. Qa5 Qe6 36. Qa3 Kh7 37. h3 e4 38. Qc5 Qd5 39. Qc3 Nd7 40. Qd4 Qxd4 41. exd4 Nf6 42. g4 g6 43. gxf5 gxf5 44. fxe4 Nxe4+ 45. Kf3 Kg6 46. Kf4 Kf6 47. h4 Nc3 48. Ke3 Nd5+ 49. Kd3 Ke6 50. Kc4 f4 51. Kd3 Kf5 0-1